000
00235nam a2200097Ia 4500
001
812550
005
20250826171602.0
008
250824s9999 xx 000 0 und d
245
0
_a
GÖLGE CANAVARLAR
_c
AYŞE YAMAÇ
260
_b
BU YAYINLARI
999
_c
812550
_d
812550